Cargando...
Word processing fundamentals
| Autor principal: | |
|---|---|
| Formato: | Printed Book |
| Lenguaje: | English |
| Publicado: |
Sanfrancisco
Canfield press
1979
|
| Materias: |
| LEADER | 00540nam a22001577a 4500 | ||
|---|---|---|---|
| 005 | 20151215125314.0 | ||
| 008 | 091123t xxu||||| |||| 00| 0 eng d | ||
| 082 | |a 652.5 |b WAT | ||
| 100 | |a Waterhouse, Shirely A. |9 10638 | ||
| 245 | |a Word processing |b fundamentals | ||
| 300 | |a xiii, 256p. | ||
| 653 | |a office management |a word processing | ||
| 942 | |c BK |6 _ | ||
| 260 | |c 1979 |a Sanfrancisco |b Canfield press | ||
| 999 | |c 101375 |d 101375 | ||
| 952 | |0 0 |1 0 |2 ddc |4 0 |6 6525_WAT |7 0 |9 127862 |a SMS |b SMS |c GEN |d 2009-11-23 |o 652.5 WAT |p SMS013106 |r 2009-11-23 |w 2009-11-23 |y BK | ||